Historia de la hermenéutica

Gespeichert in:
Bibliographische Detailangaben
1. Verfasser: Ferraris, Maurizio (VerfasserIn)
Format: Buch
Sprache:Spanisch
Veröffentlicht: Madrid Akal 2000
Schriftenreihe:Akal Teoría Literaria, 1
Schlagworte:
Tags: Tag hinzufügen
Keine Tags, Fügen Sie den ersten Tag hinzu!

MARC

LEADER 00000cam a2200000 a 4500
001 UCN7020
003 CL-VaPUC
008 011012e20000000SP |||||||||||||||||spa|d
020 |a 8446009951 
082 0 4 |a 121.686  |b FER  |2 21 
100 0 |a Ferraris, Maurizio  |e author  |9 462863 
245 1 0 |a Historia de la hermenéutica 
300 |a 448 p 
942 |c BK 
945 |d 20011012 00:00:00  |a cmena 
260 |a Madrid  |b Akal  |c 2000 
650 0 |a Hermenéutica  |9 269473 
650 0 |a Historia de la filosofía  |9 256920 
650 0 |a Escuelas filosóficas   |9 266232 
583 |a last modification  |c 20170317 01:15:07  |k Rodrigo Vera 
490 0 |a Akal Teoría Literaria, 1 
999 |c 297553  |d 297551 
952 |0 0  |1 0  |4 0  |6 121_686000000000000_FER_2000  |7 0  |8 A  |9 352412  |a FDOPOS  |b BIBEDU  |d 2019-11-21  |i 3776689  |l 1  |o 121.686 FER 2000  |p 3776689  |r 2025-01-22  |s 2023-09-21  |w 2019-11-21  |y BK  |k MLH 
952 |0 0  |1 0  |3 erb  |4 0  |6 121_686000000000000_FER_2000  |7 0  |8 A  |9 352413  |a BIBEDU  |b BIBEDU  |i 5367921  |l 2  |m 1  |o 121.686 FER 2000  |p 5367921  |r 2023-10-23  |s 2023-09-25  |w 2019-11-21  |y BK  |z Catalogado en:20170317  |k FIL